Естествознание (Запис номер 440240)
[ съкратено ]
| 000 -Лидер | |
|---|---|
| Контролно поле с фиксирана дължина | nam a22 a 4500 |
| 003 - Код на организацията, давaща контролен номер | |
| Контролно поле | BLK |
| 005 - Дата и час на последна редакция | |
| Контролно поле | 20211215143741.0 |
| 008 - Елементи от данни с фиксирана дължина | |
| fixed length control field | 211215b bu |||||r|||| 00| | bu d |
| 040 ## - Източник на каталожния запис | |
| Идентификатор на билиотеката - собственик на записа | BLK |
| 041 ## - Код за език | |
| Код за езика на текст/звукозапис или на отделно заглавие | Български |
| Код за езика КДБФ | Български |
| 080 ## - УДК | |
| Текстов определител УДК | Ботаника. Вж и 631/635, Ботанически резервати вж 502.7 |
| УДК код - определител по УДК | 58 |
| УДК определител | (075) |
| УДК - код + определител | 58(075) |
| 080 ## - УДК | |
| Текстов определител УДК | Зоология. Вж и 636 |
| УДК код - определител по УДК | 59 |
| УДК определител | (075) |
| УДК - код + определител | 59(075) |
| 100 ## - Редна дума - Автор | |
| R(LIN) | 448363 |
| Автор | Коцев, Андрей Х. |
| Авторска отговорност | първи автор |
| 139 ## - Редно поле | |
| Редна дума | Коцев, Андрей Х. |
| 245 ## - Сведения за заглавието | |
| Заглавие | Естествознание |
| Подзаглавни данни | Растения и животни : Учебник за V кл. на средните политехн. у-ща |
| Редно поле (дума) | Андрей Коцев, Цоло Пешев |
| 250 ## - Област на изданието | |
| Сведения за изданието | 2. изд. |
| 260 ## - Област на издателските данни | |
| 9 (RLIN) | 403129 |
| Място на издаване, разпространение и проч. | София |
| Име на издателя, разпространителя и проч. | Народна Просвета |
| Година на издаване | 1961 |
| 300 ## - Физическа характеристика | |
| Страници | 140 с. |
| Илюстрации и др. | с ил., 2 л. ил. |
| Размери/Мащаб | 22 см |
| 380 ## - Жанр | |
| Жанр | Естествени науки. Математика |
| 500 ## - Общи забележки | |
| Забележка | 1. изд. 1960. - 125 063 тир. |
| 653 #7 - Ключова дума – ненормативна | |
| 9 (RLIN) | 187058 |
| Ключова дума | зоология |
| 653 #7 - Ключова дума – ненормативна | |
| 9 (RLIN) | 182340 |
| Ключова дума | ботаника |
| 700 1# - Други автори (авторска отговорност) | |
| 9 (RLIN) | 110540 |
| Лично име | Пешев, Цоло Христов |
| Автороска отговорност (Описва отношението между автора и произведението) | съавт. |
| 852 ## - Местоположение | |
| Форматна сигнатура | Цб 18520 |
| Фондова буква | Хранилище |
| 999 ## - СИСТЕМНИ КОНТРОЛНИ НОМЕРА | |
| Koha biblionumber | 440240 |
| Koha biblioitemnumber | 440240 |
| 942 ## - АРТИКУЛИ | |
| Вид на библиотечния материал | Книги |
| Скрит в OPAC | Не |
| Периодичен библиозапис | Да |
| 944 ## - СЪЗДАВАНЕ И РЕДАКЦИЯ на ЗАПИСА | |
| Създаване/Редакция | Създаване |
| Дата на регистрацията/редакция | 2021-12-15 |
| Служител, извършил регистрацията/редакцията | ГЦ |
| Код за отписване | Код за изгубен артикул | Източник на класификационната схема | Код за повреда | Коз за рестрикции | Код за отдаване | Артикулен № | Име на библиотеката - собственик | Име на библиотеката, в която се намира в момента | Статус (Текущо местоположение) | Дата на вписване в системата | Местоположение - отдел | Цена в лева | Инвентарен номер | Систематично азбучна сигнатура | Баркод | Цена в евро | Служебен тип на артикула |
|---|---|---|---|---|---|---|---|---|---|---|---|---|---|---|---|---|---|
| Не е изгубен | Universal Decimal Classification | Не е повреден | само за читалня | ползва се в читалня | 865208 | Регионална библиотека "Любен Каравелов" Русе | Регионална библиотека "Любен Каравелов" Русе | Хранилище | 2021-12-15 | Хранилище | 0.36 | 1882/61-а | Цб 18520 | 900000086346 | 0.18 | Книги |